000 01339nam a2200205Ia 4500
999 _c41824
_d41824
001 8507
003 GE_BSU
005 20221026151104.0
008 181216s1948||||ge |||||||||||||| ||geo||
040 _cGE_BSU
041 _ageo
080 _a821.353.1-13 რ-93
245 _aვეფხისტყაოსანი :
_bჩანართი და დანართი /
_cტექსტი გამოსაცემად დაამზადა და წინასიტყვაობა შენიშვნებით დაურთო ს. იორდანაშვილმა; საქ. სსრ მეცნ. აკად., რუსთაველის სახ. ქართ. ლიტ-რის ისტორიის ინ-ტი.
264 _aთბილისი:
_b საქ. სსრ მეცნ. აკად. გამ-ბა და სტ.,
_c1948.
300 _a104 გვ;
_b26 სმ.
500 _a"ჩანართი-დანართების საჩვენებელი", გვ. 89-104.
501 _aვეფხისტყაოსნის ხელნაწერები სამუზეუმო ფონდისა და ნორმის ჩვენებით: გვ.87
653 _aვეფხისტყაოსანი
942 _cBK
_2udc